000 00285nam a2200133Ia 4500
100 _aMukhi Vijay
942 _cBK
654 _aComputer
245 _a''''C'''' Odysssey Networks & RDBMS
260 _bBPB Pub
_aNew Delhi
_c1992
082 _a5.754
546 _aENGLISH
999 _c34164
_d34164